| 000 | nam a22 7a 4500 | ||
|---|---|---|---|
| 999 |
_c28321 _d28320 |
||
| 003 | OSt | ||
| 005 | 20170519123132.0 | ||
| 008 | 170519b xxu||||| |||| 00| 0 eng d | ||
| 020 | _a0131912356 | ||
| 040 |
_aMMU _beng _cMMU _dMMU |
||
| 050 | _aPE 1128 .F834 2006 | ||
| 100 | _aFuchs Marjorie | ||
| 245 |
_aWorkbook 4 Focus on Grammar: _bAn integrated skills approach/ _cMarjorie Fuchs. |
||
| 250 | _a3rd ed. | ||
| 260 |
_aNew York: _bPearson; _c2006. |
||
| 300 | _av.146p.; | ||
| 650 | _aFocus on Grammar | ||
| 700 | _aMargaret Bonner | ||
| 942 |
_2lcc _cLOAN LOAN _e3rd ed. |
||